MARC

LEADER 00000nam0a2200000 4500
001 54427
005 20231031050622.0
010 |a 5020062391 
035 |a (RuTPU)RU\TPU\book\57078 
090 |a 54427 
100 |a 20030806d2003 km y0rusy50 ca 
101 0 |a rus 
102 |a RU 
105 |a y z 000zy 
200 1 |a Корпорации, общество, государство. Эволюция отношений  |f С. П. Перегудов  |g Российская академия наук; Институт мировой экономики и международных отношений 
210 |a Москва  |c Наука  |d 2003 
215 |a 352 с. 
610 1 |a экономика 
610 1 |a экономическая политика 
610 1 |a корпоративный сектор 
610 1 |a корпорации 
610 1 |a общество 
610 1 |a государство 
610 1 |a Россия 
610 1 |a бизнес-группы 
610 1 |a собственность 
610 1 |a прибыль 
610 1 |a политика 
610 1 |a власть 
610 1 |a крупный бизнес 
610 1 |a общественно-политические отношения 
610 1 |a Лукойл 
686 |a У9(2)0-18  |v LBC/SL-A  |2 rubbk 
686 |a Ф3(2)4  |v LBC/SL-A  |2 rubbk 
700 1 |a Перегудов  |b С. П.  |g Сергей Петрович 
712 0 2 |a Российская академия наук (РАН)  |b Институт мировой экономики и международных отношений (ИМЭМО)  |c (Москва)  |2 stltpush  |3 (RuTPU)RU\TPU\col\241 
801 1 |a RU  |b 63413507  |c 20030806  |g PSBO 
801 2 |a RU  |b 63413507  |c 20120917  |g PSBO 
942 |c BK